La transmision de la propiedad en la permuta de solar por pisos

Detalles Bibliográficos
Autor principal: Lp̤ez Fra̕s, Ana
Formato: Desconocido
Lenguaje:español
Publicado: Barcelona : J. M. Bosch, 1997
Materias:
Acceso en línea:Acceso restringido

MARC

LEADER 00000ny a22000003n 4500
005 20110527110513.0
008 080623s1997 sp s 000 0 spa c
020 |a 8476984588 
035 |a 1195 
040 |a UMA.RE  |d vlex 
080 |a 347.452(460)(0.034) 
090 |c 319  |d 319 
100 1 |a Lp̤ez Fra̕s, Ana 
245 1 2 |a La transmision de la propiedad en la permuta de solar por pisos  |h [Recurso electrn̤ico]  |c Ana Lp̤ez Fra̕s 
256 |a Servicio en ln̕ea 
260 |a Barcelona :  |b J. M. Bosch,  |c 1997 
506 1 |a Contenido solo disponible en los productos indicados  |d vLex Global  |d vLex Global (Academic Edition, excluding Law Schools)  |d vLex Global (U.S. Academic Edition, Law Schools)  |d vLex Global (U.S. Academic Edition, excluding Law Schools)  |d vLex Global (Academic Edition, Law Schools) 
650 0 7 |a Permuta  |2 Tesauro vLex 
650 0 7 |a Civil  |2 Tesauro vLex 
650 0 7 |a Solar  |2 Tesauro vLex 
650 0 7 |a Inmobiliario y registral  |2 Tesauro vLex 
740 0 |a vLex Libros (Servicios en ln̕ea) 
856 4 0 |u http://vlex.com/source/1195  |z Acceso restringido 
942 |c BOOK 
999 0 |a Civil Law   |b Barcelona